[Event "FIDE WRBTC Blitz-Pool 2024"]
[Site "Astana"]
[Date "2024.08.05"]
[Round "6.41"]
[White "Bakytzhanuly, Sanzhar"]
[Black "Sakenov, Askar"]
[Result "0-1"]
[WhiteElo "1549"]
[BlackElo "1715"]
[Annotator "NA"]
[PlyCount "118"]
[EventDate "2024.08.01"]
[EventType "team-tourn"]
[EventCountry "KAZ"]
[SourceTitle "playchess.com"]
[Source "ChessBase"]
[SourceQuality "1"]

1. c4 Nf6 2. d4 b6 3. Nf3 Bb7 4. g3 e6 5. Bg2 Be7 6. O-O O-O 7. Nc3 Ne4 8. Qd3 Nxc3 9. bxc3 d6 10. Ng5 Bxg5 11. Bxg5 Qxg5 12. Bxb7 Nd7 13. Bxa8 Rxa8 14. e4 Re8 15. Qe3 Qa5 16. f4 h6 17. Qd2 Qa6 18. Qd3 d5 19. exd5 exd5 20. Rfe1 Rd8 21. Qe2 Nf6 22. cxd5 Qa3 23. Qe7 Qxe7 24. Rxe7 Nxd5 25. Ree1 Nxc3 26. Rac1 Nd5 27. Re5 Kf8 28. Kf2 Rd7 29. Rce1 Rd8 30. Kf3 g6 31. f5 Kg7 32. fxg6 Kxg6 33. h4 Rd6 34. h5+ Kg7 35. Re8 Rf6+ 36. Kg2 Rd6 37. Ra8 a5 38. Ra7 Rc6 39. Kh3 Rc4 40. Re4 Rc3 41. Rg4+ Kf6 42. Ra8 Rc2 43. Rag8 Rxa2 44. Re4 a4 45. Ra8 b5 46. Kg4 b4 47. Re1 b3 48. Rb1 Nc3 49. Rc1 Nd5 50. Rb1 b2 51. Rb8 a3 52. Rb3 Ke6 53. Kf3 Kd6 54. Ke4 Nf6+ 55. Kd3 Nxh5 56. Kc2 Ra1 57. g4 Nf4 58. Rf3 Ne6 59. Rb3 Nxd4+ 0-1

[Event "FIDE WRBTC Blitz-Pool 2024"]
[Site "Astana"]
[Date "2024.08.05"]
[Round "6.42"]
[White "Khassenov, Mansur"]
[Black "Akhmetov, Burkut"]
[Result "1-0"]
[WhiteElo "1982"]
[BlackElo "1400"]
[Annotator "ChessBase"]
[PlyCount "52"]
[EventDate "2024.08.01"]
[EventType "team-tourn"]
[EventCountry "KAZ"]
[SourceTitle "playchess.com"]
[Source "ChessBase"]
[SourceQuality "1"]

1. c4 e5 2. Nc3 Nf6 3. Nf3 Nc6 4. e4 Bc5 5. Nxe5 Bxf2+ 6. Kxf2 Nxe5 7. d4 Neg4+ 8. Kg1 h5 9. h3 Nh6 10. Bg5 c5 11. e5 cxd4 12. Qxd4 Nf5 13. Qf2 Qc7 14. Qxf5 Qc5+ 15. Qf2 Qxf2+ 16. Kxf2 Ng8 17. Nd5 Rb8 18. Be2 b6 19. Rad1 Nh6 20. Bxh6 Rxh6 21. Bf3 Kd8 22. Rhe1 Ba6 23. b3 b5 24. cxb5 Bxb5 25. Nc3 Ba6 26. Na4 Rh8 1-0

[Event "FIDE WRBTC Blitz-Pool 2024"]
[Site "Astana"]
[Date "2024.08.05"]
[Round "6.42"]
[White "Zhunusov, Nurlan"]
[Black "Yerseit, Amir"]
[Result "0-1"]
[WhiteElo "1771"]
[BlackElo "1534"]
[Annotator "NA"]
[PlyCount "70"]
[EventDate "2024.08.01"]
[EventType "team-tourn"]
[EventCountry "KAZ"]
[SourceTitle "playchess.com"]
[Source "ChessBase"]
[SourceQuality "1"]

1. e4 c5 2. Nf3 e6 3. c3 d5 4. exd5 Qxd5 5. Be2 Nf6 6. O-O Nc6 7. Na3 a6 8. Nc4 Qd8 9. a4 b6 10. d3 Be7 11. Bf4 O-O 12. h3 Nd5 13. Bh2 Bd7 14. Nfe5 Nxe5 15. Nxe5 Bd6 16. Nxd7 Bxh2+ 17. Kxh2 Qxd7 18. g3 Rad8 19. Qc2 Qc7 20. Rfd1 Qe5 21. Bf1 Qf6 22. d4 cxd4 23. Rxd4 Rc8 24. Qd2 a5 25. Bg2 Rfd8 26. Rd1 h6 27. c4 Qf5 28. cxd5 Rc2 29. Qe1 Rxf2 30. dxe6 Rc8 31. exf7+ Kxf7 32. Rd7+ Kg8 33. Rd8+ Rxd8 34. Rxd8+ Kh7 35. Qe4 Qxe4 0-1

[Event "FIDE WRBTC Blitz-Pool 2024"]
[Site "Astana"]
[Date "2024.08.05"]
[Round "6.43"]
[White "Makhnev, Denis"]
[Black "Bilguun, Sumiya"]
[Result "0-1"]
[WhiteElo "2551"]
[BlackElo "2470"]
[Annotator "ChessBase"]
[PlyCount "52"]
[EventDate "2024.08.01"]
[EventType "team-tourn"]
[EventCountry "KAZ"]
[SourceTitle "playchess.com"]
[Source "ChessBase"]
[SourceQuality "1"]

1. d4 d5 2. Nf3 e6 3. c4 c6 4. e3 Nf6 5. Bd3 Nbd7 6. O-O Bd6 7. b3 O-O 8. Bb2 Ne4 9. Nc3 f5 10. Ne2 Qf6 11. a4 Rf7 12. Ra2 g5 13. Qa1 g4 14. Ne5 Rg7 15. Rd1 Qh6 16. a5 a6 17. Nf4 Ndf6 18. Ba3 Bc7 19. Bb4 Bd7 20. Rc2 Re8 21. Be1 Bc8 22. b4 Ng5 23. Kh1 Nf3 24. gxf3 gxf3 25. Nxf3 Bxf4 26. exf4 Ng4 0-1

[Event "FIDE WRBTC Blitz-Pool 2024"]
[Site "Astana"]
[Date "2024.08.05"]
[Round "6.43"]
[White "Utegaliyev, Azamat"]
[Black "Zhuravlev, Viktor"]
[Result "1-0"]
[WhiteElo "2418"]
[BlackElo "1998"]
[Annotator "ChessBase"]
[PlyCount "90"]
[EventDate "2024.08.01"]
[EventType "team-tourn"]
[EventCountry "KAZ"]
[SourceTitle "playchess.com"]
[Source "ChessBase"]
[SourceQuality "1"]

1. e4 e6 2. d4 d5 3. exd5 exd5 4. Bd3 Bd6 5. Nf3 Nf6 6. O-O O-O 7. h3 h6 8. Nc3 c6 9. Ne2 Qc7 10. Be3 Re8 11. Qc1 Ne4 12. Bf4 Bf5 13. Bxd6 Qxd6 14. Qf4 Qxf4 15. Nxf4 Nd7 16. Rfe1 f6 17. c4 Nb6 18. b3 g5 19. Ne2 Kf7 20. c5 Nd7 21. b4 b5 22. a4 a6 23. Ra3 Nd6 24. cxd6 Bxd3 25. Rxd3 bxa4 26. Ra3 Nb6 27. Nc3 Rxe1+ 28. Nxe1 Rb8 29. Nd3 Ke6 30. Nxa4 Nc4 31. Nac5+ Kxd6 32. Rxa6 h5 33. Ra7 Nb6 34. Rf7 Ra8 35. Rxf6+ Kc7 36. Ne5 Nc4 37. Rxc6+ Kd8 38. Nxc4 dxc4 39. Nb7+ Ke8 40. Rxc4 Ra1+ 41. Kh2 Kd7 42. d5 Rd1 43. d6 Rd5 44. Rc7+ Ke6 45. d7 Rd4 1-0

[Event "FIDE WRBTC Blitz-Pool 2024"]
[Site "Astana"]
[Date "2024.08.05"]
[Round "6.44"]
[White "Chinguun, Sumiya"]
[Black "Zhalmakhanov, Ramazan"]
[Result "0-1"]
[WhiteElo "2389"]
[BlackElo "2497"]
[Annotator "ChessBase"]
[PlyCount "94"]
[EventDate "2024.08.01"]
[EventType "team-tourn"]
[EventCountry "KAZ"]
[SourceTitle "playchess.com"]
[Source "ChessBase"]
[SourceQuality "1"]

1. e4 c5 2. Nc3 a6 3. g3 b5 4. Bg2 Bb7 5. Nh3 e6 6. d3 b4 7. Na4 d6 8. b3 Nf6 9. O-O Be7 10. f4 O-O 11. Bb2 Nc6 12. Nf2 Nd4 13. Bxd4 cxd4 14. e5 Nd5 15. Qd2 dxe5 16. fxe5 Bg5 17. Qe2 Rc8 18. Ne4 Ne3 19. Nxg5 Rxc2 20. Qxc2 Nxc2 21. Bxb7 Qxg5 22. Rac1 Ne3 23. Rf4 Qxe5 24. Nc5 Nd5 25. Re4 Qg5 26. Rf1 Nc3 27. Nd7 Nxe4 28. Bxe4 Rd8 29. Nb6 f5 30. Bg2 Qe3+ 31. Kh1 Qxd3 32. Nc4 Qc3 33. Rd1 d3 34. Kg1 d2 35. Kf2 e5 36. Bf1 e4 37. Be2 g5 38. h4 f4 39. gxf4 gxf4 40. Rg1+ Kh8 41. Bd1 f3 42. Ne3 Qe5 43. Rg3 Rg8 44. Ng4 Qd4+ 45. Kf1 h5 46. Rg1 Rxg4 47. Rh1 Kg7 0-1

[Event "FIDE WRBTC Blitz-Pool 2024"]
[Site "Astana"]
[Date "2024.08.05"]
[Round "6.44"]
[White "Muldagaliyev, Dauren"]
[Black "Suleyev, Alen"]
[Result "0-1"]
[WhiteElo "1929"]
[BlackElo "2084"]
[Annotator "ChessBase"]
[PlyCount "136"]
[EventDate "2024.08.01"]
[EventType "team-tourn"]
[EventCountry "KAZ"]
[SourceTitle "playchess.com"]
[Source "ChessBase"]
[SourceQuality "1"]

1. Nf3 Nf6 2. e3 d5 3. c4 e6 4. b3 Be7 5. Bb2 O-O 6. Be2 b6 7. O-O Bb7 8. d3 c5 9. Nbd2 Nc6 10. cxd5 Nxd5 11. a3 Bf6 12. Qc2 Rc8 13. Rac1 a6 14. Rfd1 Qe7 15. Ne4 Bxb2 16. Qxb2 Rfd8 17. h3 h6 18. Ned2 Ba8 19. Nc4 b5 20. Ncd2 b4 21. axb4 cxb4 22. Nb1 a5 23. Bf1 Na7 24. d4 Qb7 25. Ne5 Nb5 26. Rxc8 Rxc8 27. Rc1 Nbc3 28. Nd3 Nxb1 29. Qxb1 Nc3 30. Qb2 Qd5 31. Ra1 Bc6 32. Nc5 Ra8 33. Nd3 Bb7 34. Nf4 Qd6 35. Qc2 e5 36. dxe5 Qxe5 37. Rc1 Be4 38. Qd2 g5 39. Nh5 Bg6 40. Ng3 Re8 41. Qd7 Re7 42. Qd8+ Kg7 43. Kh1 h5 44. Ne2 Ne4 45. Kg1 Qf6 46. Qd4 Re5 47. f3 Nd6 48. Ra1 Nf5 49. Qa7 Nxe3 50. Rxa5 Nxf1 51. Rxe5 Qxe5 52. Kxf1 Bd3 53. Qf2 h4 54. Ke1 Kg6 55. Kd2 Bxe2 56. Qxe2 Qc3+ 57. Kd1 Qxb3+ 58. Ke1 Qc3+ 59. Kf1 Qc1+ 60. Kf2 Qc5+ 61. Kf1 Kf6 62. Qa6+ Ke5 63. Qe2+ Kd5 64. Qd2+ Kc4 65. Qc2+ Kb5 66. Qh7 b3 67. Qxf7 Qc4+ 68. Ke1 Kc5 0-1

[Event "FIDE WRBTC Blitz-Pool 2024"]
[Site "Astana"]
[Date "2024.08.05"]
[Round "6.45"]
[White "Urazayev, Arystanbek"]
[Black "Agibileg, Uurtsaikh"]
[Result "1-0"]
[WhiteElo "2466"]
[BlackElo "2411"]
[Annotator "ChessBase"]
[PlyCount "59"]
[EventDate "2024.08.01"]
[EventType "team-tourn"]
[EventCountry "KAZ"]
[SourceTitle "playchess.com"]
[Source "ChessBase"]
[SourceQuality "1"]

1. e4 c5 2. Nf3 e6 3. d4 cxd4 4. Nxd4 Nc6 5. Nc3 a6 6. Be3 Nf6 7. Bd3 Qc7 8. O-O Be7 9. f4 d6 10. Nb3 O-O 11. Qf3 b5 12. a3 Bb7 13. Rae1 Nd7 14. Kh1 Rac8 15. Qh3 Nc5 16. Nxc5 dxc5 17. e5 g6 18. Ne4 c4 19. f5 exf5 20. Nf6+ Bxf6 21. exf6 Qd6 22. Bxf5 Rcd8 23. Bc8 Rfe8 24. Bxb7 Ne5 25. Qh6 Qf8 26. Qxf8+ Rxf8 27. Bc5 Rfe8 28. Be7 Rd7 29. Bxa6 Ng4 30. Bxb5 1-0

[Event "FIDE WRBTC Blitz-Pool 2024"]
[Site "Astana"]
[Date "2024.08.05"]
[Round "6.45"]
[White "Askarov, Bakhtiyar"]
[Black "Bulatov, Dinmukhamed"]
[Result "1-0"]
[WhiteElo "2280"]
[BlackElo "1767"]
[Annotator "ChessBase"]
[PlyCount "23"]
[EventDate "2024.08.01"]
[EventType "team-tourn"]
[EventCountry "KAZ"]
[SourceTitle "playchess.com"]
[Source "ChessBase"]
[SourceQuality "1"]

1. d4 Nf6 2. Nf3 e6 3. Bf4 Be7 4. e3 O-O 5. h3 d5 6. Bd3 c5 7. c3 Nc6 8. O-O Qb6 9. Qe2 c4 10. Bc2 Qxb2 11. Bxh7+ Nxh7 12. Qxb2 1-0

[Event "FIDE WRBTC Blitz-Pool 2024"]
[Site "Astana"]
[Date "2024.08.05"]
[Round "6.46"]
[White "Amilal Munkhdalai"]
[Black "Agmanov, Zhandos"]
[Result "0-1"]
[WhiteElo "2374"]
[BlackElo "2458"]
[Annotator "ChessBase"]
[PlyCount "182"]
[EventDate "2024.08.01"]
[EventType "team-tourn"]
[EventCountry "KAZ"]
[SourceTitle "playchess.com"]
[Source "ChessBase"]
[SourceQuality "1"]

1. e4 e6 2. d4 d5 3. Nd2 c5 4. exd5 Qxd5 5. dxc5 Nf6 6. Ngf3 Qxc5 7. Bd3 Nbd7 8. O-O Qc7 9. b3 Be7 10. Bb2 O-O 11. Qe2 Nc5 12. Bc4 a6 13. a4 Bd7 14. Ne5 Be8 15. Ndf3 h6 16. Rfd1 Rb8 17. a5 Rd8 18. Rxd8 Qxd8 19. Bd4 Qc7 20. b4 Nce4 21. c3 Nd6 22. Bd3 Nb5 23. Bxb5 Bxb5 24. Qb2 Rc8 25. Rc1 Nd5 26. c4 Be8 27. c5 f6 28. Nc4 Bf7 29. Nb6 Nxb6 30. axb6 Qc6 31. Be3 e5 32. Nd2 Qb5 33. Qc3 Bd5 34. Nb3 Bd8 35. Na5 Be7 36. Qd2 Rd8 37. Qc3 Bc6 38. f3 Rd3 39. Qc4+ Qxc4 40. Nxc4 Bd5 41. Kf2 Rb3 42. Bd2 Kf7 43. Na5 Rb2 44. Ke1 Ke6 45. c6 bxc6 46. Nxc6 Bxc6 47. Rxc6+ Kd5 48. b7 Bxb4 49. Rc2 Rb1+ 50. Ke2 Bxd2 51. Rxd2+ Kc6 52. Ra2 Kxb7 53. Rd2 Rc1 54. Rd7+ Rc7 55. Rd6 a5 56. Ke3 Rc6 57. Rd7+ Rc7 58. Rd6 a4 59. h4 Rc4 60. Rd7+ Kb6 61. Rxg7 a3 62. Rg8 Ra4 63. Rb8+ Kc5 64. Rb1 a2 65. Ra1 h5 66. g4 hxg4 67. fxg4 Rxg4 68. Rxa2 Rxh4 69. Rf2 Rh6 70. Ke4 Kd6 71. Kf5 Ke7 72. Ra2 Rh5+ 73. Kg4 Rg5+ 74. Kf3 Ke6 75. Ra6+ Kf5 76. Ra4 Rg8 77. Rh4 Ra8 78. Rh5+ Ke6 79. Ke4 Ra4+ 80. Ke3 Ra3+ 81. Ke2 f5 82. Rh6+ Kd5 83. Rh4 f4 84. Rh8 Ke4 85. Rb8 Ra2+ 86. Kf1 Kf5 87. Rf8+ Ke4 88. Rb8 f3 89. Re8 Kf4 90. Rb8 e4 91. Kg1 Ra1+ 0-1

[Event "FIDE WRBTC Blitz-Pool 2024"]
[Site "Astana"]
[Date "2024.08.05"]
[Round "6.46"]
[White "Lednikova, Elizaveta"]
[Black "Aligozhin, Zhaslan"]
[Result "0-1"]
[WhiteElo "1677"]
[BlackElo "2333"]
[Annotator "ChessBase"]
[PlyCount "72"]
[EventDate "2024.08.01"]
[EventType "team-tourn"]
[EventCountry "KAZ"]
[SourceTitle "playchess.com"]
[Source "ChessBase"]
[SourceQuality "1"]

1. e4 c5 2. Nc3 d6 3. f4 Nc6 4. Nf3 g6 5. Bc4 Bg7 6. d3 e6 7. a3 Nge7 8. O-O O-O 9. f5 gxf5 10. exf5 Nxf5 11. Bg5 f6 12. Bd2 d5 13. Ba2 Bd7 14. Qe1 Kh8 15. h3 Qe8 16. Nb5 Qd8 17. Bf4 e5 18. Be3 a6 19. Bxc5 axb5 20. Bxf8 Qxf8 21. Bxd5 Rd8 22. Be4 Qe8 23. Bxf5 Bxf5 24. Nh4 Be6 25. Rf3 Nd4 26. Rg3 Nxc2 27. Qd1 Nxa1 28. Qxa1 Qh5 29. Nf3 Qh6 30. Qd1 Qf4 31. Kh2 e4 32. Nd2 Rxd3 33. Qe1 Rxg3 34. Qxg3 Qxd2 35. Qb8+ Bg8 36. Qxb7 e3 0-1

[Event "FIDE WRBTC Blitz-Pool 2024"]
[Site "Astana"]
[Date "2024.08.05"]
[Round "6.47"]
[White "Kamalidenova, Meruert"]
[Black "Mungunzul, Bat-Erdene"]
[Result "0-1"]
[WhiteElo "2352"]
[BlackElo "2224"]
[Annotator "ChessBase"]
[PlyCount "96"]
[EventDate "2024.08.01"]
[EventType "team-tourn"]
[EventCountry "KAZ"]
[SourceTitle "playchess.com"]
[Source "ChessBase"]
[SourceQuality "1"]

1. e4 e5 2. Nf3 Nc6 3. d4 exd4 4. Nxd4 Bc5 5. Nb3 Bb6 6. Nc3 Nge7 7. Qe2 O-O 8. Be3 f5 9. Bxb6 axb6 10. O-O-O d6 11. Kb1 Be6 12. exf5 Bxf5 13. a3 Qd7 14. f3 Be6 15. Nd4 Nxd4 16. Rxd4 Nc6 17. Rd1 Ra5 18. Qe4 Re5 19. Qh4 Bf7 20. Bc4 Rfe8 21. Bxf7+ Qxf7 22. Qg3 Qe6 23. h4 b5 24. Qh3 Qf7 25. h5 h6 26. Qh4 Rf5 27. Ne4 Ree5 28. Ng3 Rf4 29. Qh3 b4 30. Qc8+ Kh7 31. Qxb7 Na5 32. Qa6 bxa3 33. Qd3+ Kg8 34. Qxa3 Nc4 35. Qb3 c6 36. Ne4 d5 37. Nd2 Ne3 38. Rdg1 Qe7 39. g3 Rb4 40. Qc3 c5 41. f4 d4 42. Qa3 Re6 43. Kc1 Reb6 44. Qa8+ Rb8 45. Qa2+ Kh8 46. b3 Qb7 47. Nb1 Ra8 48. Qb2 Nc4 0-1

[Event "FIDE WRBTC Blitz-Pool 2024"]
[Site "Astana"]
[Date "2024.08.05"]
[Round "6.48"]
[White "Erkhembayar, Amartaivan"]
[Black "Anetov, Amirzhan"]
[Result "0-1"]
[WhiteElo "1962"]
[BlackElo "1661"]
[Annotator "ChessBase"]
[PlyCount "77"]
[EventDate "2024.08.01"]
[EventType "team-tourn"]
[EventCountry "KAZ"]
[SourceTitle "playchess.com"]
[Source "ChessBase"]
[SourceQuality "1"]

1. d4 d5 2. Bf4 Nf6 3. Nf3 c5 4. c3 Nc6 5. e3 Qb6 6. Qb3 c4 7. Qc2 Bf5 8. Qc1 Nh5 9. Be5 f6 10. Bg3 Nxg3 11. hxg3 e5 12. Nbd2 exd4 13. exd4 Bd6 14. Be2 O-O 15. O-O Rfe8 16. Re1 Qc7 17. Nf1 b5 18. Ne3 Be6 19. Nh4 g6 20. Ng4 Qg7 21. Nh2 f5 22. N4f3 Kh8 23. Ng5 Bg8 24. Bf3 h6 25. Nh3 g5 26. Bh5 Bf7 27. Bxf7 Qxf7 28. Nf1 b4 29. Qd2 a5 30. Rxe8+ Rxe8 31. Re1 bxc3 32. bxc3 Re4 33. f3 Rxe1 34. Qxe1 Qe7 35. Qb1 Qc7 36. Qxf5 Ne7 37. Qf6+ Kh7 38. Qf7+ Kh8 39. Ne3 0-1

[Event "FIDE WRBTC Blitz-Pool 2024"]
[Site "Astana"]
[Date "2024.08.05"]
[Round "7.1"]
[White "Nepomniachtchi, Ian"]
[Black "Tin, Jingyao"]
[Result "1-0"]
[WhiteElo "2767"]
[BlackElo "2575"]
[Annotator "TA"]
[PlyCount "81"]
[EventDate "2024.08.01"]
[EventType "team-tourn"]
[EventCountry "KAZ"]
[SourceTitle "playchess.com"]
[Source "ChessBase"]
[SourceQuality "1"]

1. e4 e5 2. f4 exf4 3. Nf3 g5 4. h4 g4 5. Ne5 d6 6. Nxg4 Be7 7. d4 Bxh4+ 8. Nf2 Bg3 9. Qf3 Qf6 10. Nc3 Ne7 11. e5 dxe5 12. Nce4 Qg7 13. Nxg3 fxg3 14. Ne4 f5 15. Qh5+ Qg6 16. Nf6+ Kf7 17. dxe5 Nbc6 18. Bf4 Qxh5 19. Nxh5 Ng6 20. Bxg3 Ncxe5 21. O-O-O Be6 22. Re1 Nc6 23. b3 Rad8 24. Bxc7 Rc8 25. Bg3 Nb4 26. c4 b5 27. a3 Na6 28. Kb2 bxc4 29. Rxe6 Kxe6 30. Bxc4+ Rxc4 31. bxc4 Nc5 32. Rd1 Ne4 33. Bh2 Rc8 34. Rd4 Rc6 35. g4 Nc5 36. Ng7+ Kf6 37. Nxf5 Rb6+ 38. Kc2 Kg5 39. Rd5 Ne4 40. Nd6+ Kxg4 41. Nxe4 1-0

[Event "FIDE WRBTC Blitz-Pool 2024"]
[Site "Astana"]
[Date "2024.08.05"]
[Round "7.1"]
[White "Sarana, Alexey"]
[Black "Altynbekuly, Madiyar"]
[Result "1-0"]
[WhiteElo "2717"]
[BlackElo "2114"]
[Annotator "ChessBase"]
[PlyCount "87"]
[EventDate "2024.08.01"]
[EventType "team-tourn"]
[EventCountry "KAZ"]
[SourceTitle "playchess.com"]
[Source "ChessBase"]
[SourceQuality "1"]

1. d4 d5 2. c4 dxc4 3. Nf3 Nf6 4. e3 e6 5. Bxc4 a6 6. O-O c5 7. Nc3 Nc6 8. d5 exd5 9. Nxd5 Be6 10. e4 Nxe4 11. Re1 b5 12. Rxe4 bxc4 13. Bf4 Ra7 14. Ng5 Nd4 15. Nxe6 Nxe6 16. Qa4+ Qd7 17. Qxc4 Bd6 18. Bxd6 Qxd6 19. Rd1 Qc6 20. Nf4 Re7 21. Nxe6 Rxe6 22. Rxe6+ fxe6 23. Re1 Kf7 24. Qf4+ Ke7 25. Qg5+ Kf7 26. Qf4+ Ke7 27. h3 Rf8 28. Qh4+ Ke8 29. Qxh7 Rf7 30. Qg6 Ke7 31. Qg5+ Ke8 32. Rd1 Re7 33. Qg6+ Rf7 34. Qg5 Re7 35. Qh5+ Rf7 36. Qh8+ Rf8 37. Qxg7 c4 38. h4 Rf4 39. h5 Rf7 40. Qg8+ Rf8 41. Qg6+ Ke7 42. h6 Qa8 43. h7 Rh8 44. Qg7+ 1-0

[Event "FIDE WRBTC Blitz-Pool 2024"]
[Site "Astana"]
[Date "2024.08.05"]
[Round "7.2"]
[White "Jumabayev, Rinat"]
[Black "Duda, Jan-Krzysztof"]
[Result "0-1"]
[WhiteElo "2577"]
[BlackElo "2733"]
[Annotator "RC"]
[PlyCount "177"]
[EventDate "2024.08.01"]
[EventType "team-tourn"]
[EventCountry "KAZ"]
[SourceTitle "playchess.com"]
[Source "ChessBase"]
[SourceQuality "1"]

1. Nf3 Nf6 2. c4 e6 3. e3 b6 4. b3 Bb7 5. Bb2 c5 6. Nc3 Be7 7. g3 O-O 8. Bg2 d5 9. O-O dxc4 10. bxc4 Nc6 11. Qe2 a6 12. Rfd1 Qc7 13. Ne1 Rfd8 14. f4 Nb4 15. a3 Bxg2 16. Kxg2 Nc6 17. Nf3 Rab8 18. a4 Nb4 19. d3 Qb7 20. Rd2 Ne8 21. g4 Nd6 22. e4 Bf8 23. h4 b5 24. axb5 axb5 25. e5 bxc4 26. exd6 Nxd3 27. Qe3 Bxd6 28. Ne2 Nxb2 29. Rb1 Qb3 30. Qxb3 cxb3 31. Rbxb2 c4 32. Rb1 Bb4 33. Rxd8+ Rxd8 34. Ne5 Rd2 35. Kf3 Rc2 36. Nd4 Rc3+ 37. Ke4 Bc5 38. g5 h5 39. Ra1 b2 40. Rb1 Bxd4 41. Kxd4 Rc2 42. Nxc4 Rh2 43. Rxb2 Rxh4 44. Ke4 Rh1 45. Rb8+ Kh7 46. Rb7 Re1+ 47. Kf3 Kg8 48. Ne5 Rf1+ 49. Ke3 h4 50. Nxf7 h3 51. g6 Kf8 52. Rb8+ Ke7 53. Rh8 Rh1 54. Ng5 h2 55. Nf3 Kf6 56. Rxh2 Ra1 57. Rg2 Ra3+ 58. Ke4 Ra4+ 59. Nd4 Ra1 60. Rg5 Re1+ 61. Kf3 Rd1 62. Nc6 Rf1+ 63. Ke3 Re1+ 64. Kf2 Rd1 65. Ne5 Ra1 66. Kf3 Ra3+ 67. Ke4 Ra4+ 68. Ke3 Ra3+ 69. Nd3 Ra1 70. Nf2 Ra3+ 71. Nd3 Ra1 72. Rg2 Kf5 73. Rg3 Kf6 74. Ke4 Ra4+ 75. Kf3 Ra3 76. Ke2 Ra2+ 77. Ke3 Ra1 78. Rg2 Kf5 79. Kd4 Ra4+ 80. Kc3 Ra3+ 81. Kc4 Ra4+ 82. Kc5 Ra5+ 83. Kb4 Ra1 84. Rg5+ Kf6 85. Nc5 Rf1 86. Ne4+ Ke7 87. Rg4 e5 88. fxe5 Ke6 89. Ng3 0-1

[Event "FIDE WRBTC Blitz-Pool 2024"]
[Site "Astana"]
[Date "2024.08.05"]
[Round "7.2"]
[White "Sapenov, Daniyal"]
[Black "Artemiev, Vladislav"]
[Result "0-1"]
[WhiteElo "2311"]
[BlackElo "2699"]
[Annotator "ChessBase"]
[PlyCount "102"]
[EventDate "2024.08.01"]
[EventType "team-tourn"]
[EventCountry "KAZ"]
[SourceTitle "playchess.com"]
[Source "ChessBase"]
[SourceQuality "1"]

1. d4 Nf6 2. c4 e6 3. Nc3 d5 4. cxd5 exd5 5. Bg5 c6 6. e3 h6 7. Bh4 Be7 8. Bd3 O-O 9. Qc2 Re8 10. Nf3 Ne4 11. Bxe4 Bxh4 12. Bh7+ Kh8 13. Ne5 Qe7 14. O-O-O Nd7 15. Nxd7 Bxd7 16. Bf5 Be6 17. Bxe6 fxe6 18. g3 Bf6 19. e4 Qf7 20. f4 Rac8 21. e5 Be7 22. Kb1 c5 23. Ne2 Qh5 24. h3 Qf3 25. Rhf1 Qg2 26. Rg1 Qxh3 27. g4 cxd4 28. Qg6 Qe3 29. Nxd4 Qe4+ 30. Qxe4 dxe4 31. Nxe6 Bh4 32. Nd4 Rcd8 33. Rgf1 e3 34. Ne2 Rxd1+ 35. Rxd1 g5 36. fxg5 Bxg5 37. Rd5 Rc8 38. a3 Rc7 39. e6 Kg7 40. Rf5 Kg6 41. Nd4 Bf6 42. Ne2 Bg5 43. Nd4 Re7 44. Kc2 Bf6 45. Ne2 Bg5 46. Nd4 Re8 47. Kd3 Rd8 48. Ke4 Rxd4+ 49. Kxd4 e2 50. Re5 Bf6 51. e7 Bxe5+ 0-1

[Event "FIDE WRBTC Blitz-Pool 2024"]
[Site "Astana"]
[Date "2024.08.05"]
[Round "7.2"]
[White "Kozhabekov, Adilkhan"]
[Black "Vidit, Santosh Gujrathi"]
[Result "1-0"]
[WhiteElo "1855"]
[BlackElo "2720"]
[Annotator "ChessBase"]
[PlyCount "79"]
[EventDate "2024.08.01"]
[EventType "team-tourn"]
[EventCountry "KAZ"]
[SourceTitle "playchess.com"]
[Source "ChessBase"]
[SourceQuality "1"]

1. e4 c5 2. Nf3 a6 3. g3 d6 4. Bg2 Nc6 5. O-O g6 6. c3 Bg7 7. Re1 Bg4 8. d3 Nf6 9. Nbd2 O-O 10. h3 Bxf3 11. Nxf3 Rc8 12. a3 Qc7 13. Bg5 h6 14. Be3 Kh7 15. Rc1 Qd7 16. b4 cxb4 17. axb4 Rfd8 18. Qb3 e6 19. Bb6 Re8 20. b5 axb5 21. Qxb5 Ne5 22. Qb1 Qe7 23. Be3 Rb8 24. Nxe5 dxe5 25. d4 exd4 26. cxd4 Nd7 27. e5 b5 28. h4 Nb6 29. h5 Red8 30. Be4 Kg8 31. hxg6 fxg6 32. Bxg6 Nd5 33. Qe4 b4 34. Rc6 Rdc8 35. Rd6 b3 36. Qg4 b2 37. Rxe6 Qd7 38. Re8+ Qxe8 39. Bxe8 Rxe8 40. Bxh6 1-0

[Event "FIDE WRBTC Blitz-Pool 2024"]
[Site "Astana"]
[Date "2024.08.05"]
[Round "7.3"]
[White "Praggnanandhaa R"]
[Black "Siddharth, Jagadeesh"]
[Result "1-0"]
[WhiteElo "2749"]
[BlackElo "2516"]
[Annotator "TA"]
[PlyCount "81"]
[EventDate "2024.08.01"]
[EventType "team-tourn"]
[EventCountry "KAZ"]
[SourceTitle "playchess.com"]
[Source "ChessBase"]
[SourceQuality "1"]

1. e4 c6 2. d4 d5 3. exd5 cxd5 4. Bd3 Nc6 5. c3 Nf6 6. Bf4 Bg4 7. Nf3 e6 8. Nbd2 Bd6 9. Bxd6 Qxd6 10. h3 Bh5 11. O-O O-O 12. a4 Qc7 13. Re1 Bg6 14. Bxg6 hxg6 15. Ne5 Nxe5 16. dxe5 Nd7 17. Nf3 Rfc8 18. Re3 Qb6 19. Qe2 Qa6 20. Qd1 Qb6 21. Rb1 Nc5 22. Ng5 Qb3 23. Qf3 Rc7 24. Qg4 Qxa4 25. b4 Qc2 26. Rbe1 Ne4 27. Rxe4 dxe4 28. Qh4 Qd2 29. Rxe4 Rd8 30. Rf4 Qe1+ 31. Kh2 Qxe5 32. g3 Rdd7 33. Qh7+ Kf8 34. Qxg6 f6 35. Nh7+ Ke7 36. Qxg7+ Kd6 37. Qf8+ Kc6 38. Nxf6 Rf7 39. Qe8+ Kb6 40. Nd5+ exd5 41. Qxe5 1-0

[Event "FIDE WRBTC Blitz-Pool 2024"]
[Site "Astana"]
[Date "2024.08.05"]
[Round "7.3"]
[White "Andreikin, Dmitry"]
[Black "Mamedov, Edgar"]
[Result "1-0"]
[WhiteElo "2729"]
[BlackElo "2443"]
[Annotator "RC"]
[PlyCount "76"]
[EventDate "2024.08.01"]
[EventType "team-tourn"]
[EventCountry "KAZ"]
[SourceTitle "playchess.com"]
[Source "ChessBase"]
[SourceQuality "1"]

1. Nf3 d5 2. g3 b6 3. Bg2 Bb7 4. c4 dxc4 5. Na3 e6 6. Nxc4 Nd7 7. O-O Be7 8. b3 Ngf6 9. Bb2 O-O 10. Qc2 c5 11. Rac1 Rc8 12. Qb1 Nd5 13. Rfd1 b5 14. Nce5 Nxe5 15. Nxe5 f6 16. Nf3 Qd7 17. d4 c4 18. e4 Nb4 19. Ne1 a5 20. bxc4 bxc4 21. a3 Na6 22. Qa2 Qb5 23. Rc3 Rfd8 24. Ba1 Qa4 25. Rb1 Ba8 26. Rb6 Nb4 27. Qe2 Nc6 28. Qxc4 Qxc4 29. Rxc4 Bxa3 30. Bh3 f5 31. exf5 Ne7 32. f6 Rxc4 33. Bxe6+ Kh8 34. fxe7 Bxe7 35. Bxc4 h6 36. d5 Kh7 37. Rb5 Rc8 38. Rxa5 Bb7 1-0

[Event "FIDE WRBTC Blitz-Pool 2024"]
[Site "Astana"]
[Date "2024.08.05"]
[Round "7.3"]
[White "Van Foreest, Jorden"]
[Black "Savitskiy, Vladimir"]
[Result "0-1"]
[WhiteElo "2696"]
[BlackElo "1893"]
[Annotator "ChessBase"]
[PlyCount "82"]
[EventDate "2024.08.01"]
[EventType "team-tourn"]
[EventCountry "KAZ"]
[SourceTitle "playchess.com"]
[Source "ChessBase"]
[SourceQuality "1"]

1. d4 Nf6 2. Nf3 e6 3. g3 b5 4. Bg2 Bb7 5. O-O c5 6. c3 cxd4 7. cxd4 Be7 8. Bg5 O-O 9. Nbd2 Na6 10. a4 b4 11. Bxf6 Bxf6 12. e4 d6 13. Qe2 Nb8 14. Qe3 Nd7 15. e5 dxe5 16. dxe5 Nxe5 17. Ne4 Nxf3+ 18. Bxf3 Bd4 19. Qb3 a5 20. Nf6+ Qxf6 21. Bxb7 Rab8 22. Bg2 Bxb2 23. Rad1 Rfd8 24. Rb1 Rd2 25. Qe3 Rbd8 26. Qb6 Qg5 27. Rxb2 Rxb2 28. Re1 g6 29. h4 Qd2 30. Rf1 b3 31. h5 Kg7 32. Qc5 Qd4 33. Qg5 h6 34. Qe7 g5 35. Bh3 Re2 36. Bf5 Qf6 37. Qxf6+ Kxf6 38. Bg4 Rc2 39. Kg2 b2 40. Rb1 Rdd2 41. Bf3 Rxf2+ 0-1